Central Library OPAC University of Rajshahi

দ্বিজেন্দ্রলাল রায় স্মরণ বিস্মরণ / (Record no. 54198)

MARC details
000 -LEADER
fixed length control field 00886nam a2200217 a 4500
001 - CONTROL NUMBER
control field 54198
003 - CONTROL NUMBER IDENTIFIER
rucl marc code BD-RjUL
005 - DATE AND TIME OF LATEST TRANSACTION
control field 20211209080103.0
008 - FIXED-LENGTH DATA ELEMENTS--GENERAL INFORMATION
fixed length control field 161103s1989 ii ||||| |||| 00| 0 ben d
035 ## - SYSTEM CONTROL NUMBER
System control number (BD-RjUL)54320
040 ## - CATALOGING SOURCE
Original cataloging agency BD-RjUL
Language of cataloging ben
Transcribing agency BD-RjUL
Modifying agency BD-RjUL
041 ## - LANGUAGE CODE
Language code of text/sound track or separate title ben
082 ## - DEWEY DECIMAL CLASSIFICATION NUMBER
Edition number 23
Classification number 891.4409
Author mark and year CHD 1989
100 ## - MAIN ENTRY--PERSONAL NAME
Personal name চক্রবর্তী, সুধীর
9 (RLIN) 161767
245 10 - TITLE STATEMENT
Title দ্বিজেন্দ্রলাল রায় স্মরণ বিস্মরণ /
Statement of responsibility, etc. সুধীর চক্রবর্তী
260 ## - PUBLICATION, DISTRIBUTION, ETC. (IMPRINT)
Place of publication, distribution, etc. কলকাতা :
Name of publisher, distributor, etc. পুস্তক বিপণি,
Date of publication, distribution, etc. ১৯৮৯
300 ## - PHYSICAL DESCRIPTION
Pagination ১৯২ পৃ. ;
Size ২২ সেমি.
650 ## - SUBJECT ADDED ENTRY--TOPICAL TERM
Topical term or geographic name as entry element বাংলা সাহিত্য
9 (RLIN) 161768
Form subdivision ইতিহাস ও সমালোচনা
Topical term or geographic name as entry element Bengali Literature
9 (RLIN) 161769
Form subdivision History and Criticism
942 ## - ADDED ENTRY ELEMENTS (KOHA)
Source of classification or shelving scheme Dewey Decimal Classification
Koha item type Books
Holdings
Lost status Source of classification or shelving scheme Damaged status Not for loan Collection code Permanent Location Current Location Shelving location Date acquired Source of acquisition Cost, normal purchase price Total Checkouts Full call number Date last seen Copy number Koha item type
  Dewey Decimal Classification     Non-fiction Central Library, University of Rajshahi Central Library, University of Rajshahi   17/12/1996 Ankur prokashoni, Dhaka. 40.00   B 891.4409 CHD 1989 03/11/2016 C-2 Books
  Dewey Decimal Classification     Non-fiction Central Library, University of Rajshahi Central Library, University of Rajshahi   17/09/1996 Ankor Dhaka 40.00   B 891.4409 CHD 1989 20/11/2016 C-3 Books
  Dewey Decimal Classification   Not For Loan Non-fiction Central Library, University of Rajshahi Central Library, University of Rajshahi Reading Room 19/05/1990 Uttorbanga Library : Rajshahi 120.00   B 891.4409 CHD 1989 24/11/2016 C-1 Books